000 00356pab a2200145 454500
008 180718b1988 xxu||||| |||| 00| 0 eng d
100 _aQayum, Abdul
245 _aUse of world prices in cost - benefit analysis
260 _c1988
300 _a26-31
362 _aJune
650 _aCost - Benefit Analysis
773 _aMan & Development
909 _a6790
999 _c6790
_d6790